000 00486nam a2200193 a 4500
001 7808
003 CO-ViMGA
008 141112s2004 ck r 000 u spa d
020 _a9682416175
040 _aCO-ViMGA
_bspa
_cCO-ViMGA
082 0 4 _aHEUh
100 1 _aHeuer, Margarita
_97367
245 1 0 _aHercules y la chispa.
260 _aMexico :
_bTrillas,
_c1988
300 _a24.p.il.
490 _aMargarita cuenta cuentos.
650 1 4 _aCUENTOS INFANTILES
_92743
942 _2ddc
_cBK
999 _c19696
_d19696